Крестьянская война под предводительством Степана Разина : (Record no. 320170)
[ view plain ]
| 000 -LEADER | |
|---|---|
| fixed length control field | 00971nam a2200229 a 4500 |
| 001 - CONTROL NUMBER | |
| control field | 000951258 |
| 003 - CONTROL NUMBER IDENTIFIER | |
| control field | AM-YeHGA |
| 005 - DATE AND TIME OF LATEST TRANSACTION | |
| control field | 20250617145906.0 |
| 008 - FIXED-LENGTH DATA ELEMENTS--GENERAL INFORMATION | |
| fixed length control field | 130312s1954 ||||||||||||||||||||rus|c |
| 040 ## - CATALOGING SOURCE | |
| Original cataloging agency | AM-YeHGA |
| 041 0# - LANGUAGE CODE | |
| Language code of text/sound track or separate title | rus |
| 090 ## - LOCALLY ASSIGNED LC-TYPE CALL NUMBER (OCLC); LOCAL CALL NUMBER (RLIN) | |
| -- | 321905 |
| 245 00 - TITLE STATEMENT | |
| Title | Крестьянская война под предводительством Степана Разина : |
| Remainder of title | Сб. документов. / |
| Statement of responsibility, etc. | Сост. Е.А. Швецова ; Ин-т истории АН СССР. |
| 260 ## - PUBLICATION, DISTRIBUTION, ETC. | |
| Place of publication, distribution, etc. | Москва : |
| Name of publisher, distributor, etc. | Изд. АН СССР, |
| Date of publication, distribution, etc. | 1954-. |
| 300 ## - PHYSICAL DESCRIPTION | |
| Extent | том : |
| Other physical details | ил. |
| 500 ## - GENERAL NOTE | |
| General note | Подстр. примеч. |
| 505 10 - FORMATTED CONTENTS NOTE | |
| Miscellaneous information | Т. 1 (1954; 322 с.) : |
| Title | (1666 июнь 1670 гг.); |
| Miscellaneous information | Т. 2, Ч. 2 |
| Title | (август 1670-январь 1671 гг.) |
| Miscellaneous information | Т. 4, доп. (1976; 280 с.) : |
| 600 14 - SUBJECT ADDED ENTRY--PERSONAL NAME | |
| Personal name | Разин, Степан Тимофеевич |
| 650 14 - SUBJECT ADDED ENTRY--TOPICAL TERM | |
| Topical term or geographic name entry element | Крестьянская война |
| 710 2# - ADDED ENTRY--CORPORATE NAME | |
| Corporate name or jurisdiction name as entry element | Ин-т истории АН СССР |
| 942 ## - ADDED ENTRY ELEMENTS (KOHA) | |
| Source of classification or shelving scheme | Universal Decimal Classification |
| Koha item type | Գրքեր / Books |
| Withdrawn status | Lost status | Damaged status | Not for loan | Collection | Home library | Current library | Date acquired | Serial enumeration / chronology | Total checkouts | Full call number | Barcode | Date last seen | Price effective from | Koha item type | Public note | Source of classification or shelving scheme |
|---|---|---|---|---|---|---|---|---|---|---|---|---|---|---|---|---|
| General | Fundamental Scientific Library | Fundamental Scientific Library | 09/01/2017 | Т. 4 | PIII/40656 | FL0381268 | 09/01/2017 | 09/01/2017 | Գրքեր / Books | 30 Days Loan | ||||||
| General | Fundamental Scientific Library | Fundamental Scientific Library | 01/12/2017 | Т. 2, Ч. 2 | PIII/2797 | FL0468005 | 01/12/2017 | 01/12/2017 | Գրքեր / Books | 30 Days Loan | Universal Decimal Classification | |||||
| General | Fundamental Scientific Library | Fundamental Scientific Library | 11/12/2017 | Т. 2, Ч. 2 | PIII/3427 | FL0468298 | 11/12/2017 | 11/12/2017 | Գրքեր / Books | 30 Days Loan | Universal Decimal Classification | |||||
| General | Fundamental Scientific Library | Fundamental Scientific Library | 26/01/2018 | T. 3 | PIII/9839 | FL0475492 | 26/01/2018 | 26/01/2018 | Գրքեր / Books | 30 Days Loan | Universal Decimal Classification | |||||
| General | Fundamental Scientific Library | Fundamental Scientific Library | 30/01/2018 | Т. 3 | PIII/10442 | FL0473386 | 30/01/2018 | 30/01/2018 | Գրքեր / Books | 30 Days Loan |
ՀՀ Գիտությունների ազգային ակադեմիայի հիմնարար գիտական գրադարան = Fundamental Scientific Library of NAS RA
All site content, except where otherwise noted, is licensed under a